Introduction to MATLAB and SIMULINK: A Project Approach (Record no. 668)
[ view plain ]
| 000 -LEADER | |
|---|---|
| fixed length control field | 00484nam a2200169Ia 4500 |
| 008 - FIXED-LENGTH DATA ELEMENTS--GENERAL INFORMATION | |
| fixed length control field | 190215s9999||||xx |||||||||||||| ||und|| |
| 020 ## - INTERNATIONAL STANDARD BOOK NUMBER | |
| International Standard Book Number | 9781934015049 |
| 082 ## - DEWEY DECIMAL CLASSIFICATION NUMBER | |
| Classification number | 620.001 |
| Item number | Ber |
| 100 ## - MAIN ENTRY--PERSONAL NAME | |
| Personal name | Beucher, Ottmar. |
| 9 (RLIN) | 3567 |
| 245 #0 - TITLE STATEMENT | |
| Title | Introduction to MATLAB and SIMULINK: A Project Approach |
| 250 ## - EDITION STATEMENT | |
| Edition statement | 3/e |
| 260 ## - PUBLICATION, DISTRIBUTION, ETC. | |
| Place of publication, distribution, etc. | Massachusetts, USA |
| Name of publisher, distributor, etc. | Infinity Science Press |
| Date of publication, distribution, etc. | 2006 |
| 300 ## - PHYSICAL DESCRIPTION | |
| Extent | xviii, 386p. |
| 650 ## - SUBJECT ADDED ENTRY--TOPICAL TERM | |
| Topical term or geographic name entry element | Engineering |
| 9 (RLIN) | 3568 |
| 700 ## - ADDED ENTRY--PERSONAL NAME | |
| Personal name | Weeks, Michael. |
| 9 (RLIN) | 3569 |
| 942 ## - ADDED ENTRY ELEMENTS (KOHA) | |
| Koha item type | Books |
| Koha issues (borrowed), all copies | 3 |
| Withdrawn status | Lost status | Damaged status | Not for loan | Collection code | Home library | Current library | Date acquired | Total Checkouts | Total Renewals | Full call number | Barcode | Date last seen | Date last checked out | Copy number | Price effective from | Koha item type |
|---|---|---|---|---|---|---|---|---|---|---|---|---|---|---|---|---|
| Technical | IIT Goa Central Library | IIT Goa Central Library | 2021-09-17 | 13 | 1 | 620.001/Ber | 1789 | 2026-01-16 | 2025-12-18 | 1 | 2019-02-15 | Books |